000 00304nam a22001337a 4500
008 181102b xxu||||| |||| 00| 0 eng d
020 _a9780205297719
041 _aeng
080 _24 th
_a315
100 _a50
101 _aSOC
245 _aSocial Research Methods
_cNeuman.W.L
942 _2udc
_cBK
999 _c51747
_d51747